Gumshuda qaaflay (Record no. 5130)
[ view plain ]
| 000 -LEADER | |
|---|---|
| fixed length control field | 00374 a2200145 4500 |
| 040 ## - CATALOGING SOURCE | |
| Original cataloging agency | DLC |
| Language of cataloging | DLC |
| 082 ## - DEWEY DECIMAL CLASSIFICATION NUMBER | |
| Classification number | 891.4393 |
| Author Mark | HIJ |
| 100 ## - MAIN ENTRY--PERSONAL NAME | |
| Personal name | Naseem Hijazi. |
| 245 ## - TITLE STATEMENT | |
| Title | Gumshuda qaaflay |
| Statement of responsibility, etc. | Naseem Hijazi. |
| 260 ## - PUBLICATION, DISTRIBUTION, ETC. | |
| Place of publication, distribution, etc. | Lahore: |
| Name of publisher, distributor, etc. | Jahangir Book Depot, |
| Date of publication, distribution, etc. | 1991. |
| 300 ## - PHYSICAL DESCRIPTION | |
| Extent | 621 p. |
| Dimensions | ; 24 cm. |
| 500 ## - GENERAL NOTE | |
| General note | Includes Index |
| 650 ## - SUBJECT ADDED ENTRY--TOPICAL TERM | |
| Topical term or geographic name entry element | Urdu-fiction |
| 942 ## - ADDED ENTRY ELEMENTS (KOHA) | |
| Koha item type | Book |
| Call number prefix | 891.4393 NAS |
| Source of classification or shelving scheme | |
| Withdrawn status | Lost status | Source of classification or shelving scheme | Damaged status | Not for loan | Permanent Location | Current Location | Shelving location | Date acquired | Source of acquisition | Cost, normal purchase price | Total Checkouts | Total Renewals | Full call number | Barcode | Date last seen | Date last checked out | Price effective from | Koha item type |
|---|---|---|---|---|---|---|---|---|---|---|---|---|---|---|---|---|---|---|
| Central Library (CL) | Central Library (CL) | Fiction | 12/20/2006 | Academic Book Company | 255.00 | 14 | 8 | 891.4393 HIJ | SEECS007890 | 12/30/2024 | 11/28/2024 | 01/05/2017 | Book |
